Behavioral problems in geography revisited
Αποθηκεύτηκε σε:
| Άλλοι συγγραφείς: | , |
|---|---|
| Μορφή: | Βιβλίο |
| Γλώσσα: | English |
| Δημοσίευση: |
London :
Methuen,
c1981
|
| Θέματα: | |
| Ετικέτες: |
Προσθήκη ετικέτας
Δεν υπάρχουν, Καταχωρήστε ετικέτα πρώτοι!
|
MARC
| LEADER | 00000nam a2200000 i 4500 | ||
|---|---|---|---|
| 001 | 1/64433 | ||
| 008 | 930930s1981 eng d | ||
| 020 | |a 0-416-72440-X | ||
| 035 | |a ΛΕΣΒΟΣb10001385 |l 10001385 | ||
| 040 | |a GR-MY-UA |b gre |e aacr | ||
| 041 | 0 | |a eng | |
| 082 | 0 | |a 304 | |
| 245 | 1 | 0 | |a Behavioral problems in geography revisited / |c Edited by Kevin R. Cox; Reginald G. Golledge |
| 260 | |a London : |b Methuen, |c c1981 | ||
| 300 | |a 290 p. | ||
| 500 | |a Includes index | ||
| 650 | 0 | 0 | |a Human geography. |
| 650 | 0 | 0 | |a Human geography |x Methodology. |
| 700 | 1 | |a Cox, Kevin R. |4 edt | |
| 700 | 1 | |a Golledge, Reginald G. |d 1937- |4 edt | |
| 852 | |a INST |b LESVOS |e 19930930 |h 304 BEH |p 005100005063 |q 005100005063 |t BK |y 0 | ||
| 909 | |a Λ |b 005159 | ||